01338nam a2200313 a 450000100100000000500170001000800410002702000150006804000250008304100380010808200170014610000360016324000690019924501370026826000600040530000210046549000490048653400780053550400410061350000380065465000230069265000230071565000390073870000440077783000560082104900090087795201210088699900170100700002504720250520113501.0110201s1987 mx r 000 | spa d a9681626273 aDO-SdBNPbspacBNPHU17aenghspa2Código de idioma MARC a153.9bG226e1 aGardner , Howard,d1943-95138710aFrames of mind. The theory of multiple intelligences.lEspañol10aEstructuras de la mente :bla teoría de las múltiples inteligencias /cHoward Gardner ; traducción Sergio Fernández Everest. aMéxico, D. F. :bFondo de Cultura Económica,c1987. a354 p. ;c18 cm.1 aBiblioteca de Psicología y Psicoanálisis aTítulo original :tFrames of mind. The theory of multiple intelligences aIncluye referencias bibliográficas aIncluye notas al pie de páginas 4aInteligencia92917 0aPensamiento922995 4aRazonamiento (psicología)9404941 aFernández Everest, Sergioetr.951388 0aBiblioteca de Psicología y Psicoanálisis947704 aBNGR 001054708MOaGRbGRcCTd2011-02-09iLF1l0o153.9 G226ep25047-10r2020-06-25w2020-06-25y4ZPréstamo en sala c24540d24540